000
002870000a22001090004500
090
_a
AS
_b
Seriadas
245
1
0
_a
Reproductive periods in birds near the equator
041
0
_a
Inglés
100
1
_a
Miller, Alden H.
_9
97010
942
_c
ARTICULO
773
1
_t
Caldasia
_3
45
_h
37
_q
295-301
_d
1958
_g
8
999
_c
14711
_d
14711